| 000 | 00409nam a22001697a 4500 | ||
|---|---|---|---|
| 003 | MPLRDC | ||
| 005 | 20220104142623.0 | ||
| 008 | 210129b ||||| |||| 00| 0 eng d | ||
| 082 | _a784.286 MAU | ||
| 100 | _aG.费佛 | ||
| 245 |
_a毛姆画像 _c张明芳 译 |
||
| 260 |
_a _b水牛出版社 _c1968 |
||
| 300 | _b平 | ||
| 490 | _a水牛文库. 32 | ||
| 650 | _a法国传记 | ||
| 942 |
_cBK _o784.286 MAU |
||
| 999 |
_c32361 _d32351 |
||